Loading...
| Current Events | 1 | 10.00 | 100% | 0% | 0% |
| Fine Arts - Auditory Fine Arts | 4 | 25.00 | 100% | 100% | 50% |
| Fine Arts - Other Fine Arts | 5 | 18.00 | 100% | 40% | 40% |
| Fine Arts - Visual Fine Arts | 6 | 13.33 | 100% | 17% | 17% |
| Geography | 1 | 30.00 | 100% | 100% | 100% |
| History - American History | 2 | 25.00 | 100% | 100% | 50% |
| History - European History | 4 | 17.50 | 100% | 50% | 25% |
| History - Other History | 7 | 20.00 | 100% | 86% | 14% |
| History - World History | 6 | 21.67 | 100% | 50% | 67% |
| Literature - American Literature | 3 | 6.67 | 67% | 0% | 0% |
| Literature - British Literature | 2 | 15.00 | 100% | 0% | 50% |
| Literature - European Literature | 6 | 18.33 | 100% | 67% | 17% |
| Literature - World Literature | 5 | 16.00 | 100% | 40% | 20% |
| Mythology | 2 | 25.00 | 100% | 100% | 50% |
| Philosophy | 4 | 15.00 | 100% | 50% | 0% |
| Pop Culture | 4 | 17.50 | 100% | 75% | 0% |
| Religion | 8 | 15.00 | 100% | 38% | 13% |
| Science - Biology | 6 | 30.00 | 150% | 133% | 17% |
| Science - Chemistry | 5 | 12.00 | 100% | 20% | 0% |
| Science - Other Science | 6 | 16.67 | 100% | 50% | 17% |
| Science - Physics | 3 | 26.67 | 100% | 100% | 67% |
| Social Science | 7 | 20.00 | 100% | 71% | 29% |